[Event "Andorra la Vella op"]
[Site "Andorra la Vella"]
[Date "1999.06.27"]
[Round "2"]
[White "De la Riva Aguado, Oscar"]
[Black "Larios Crespo, Manuel"]
[Result "1-0"]
[WhiteElo "2495"]
[BlackElo "2216"]

1.e4 e6 2.d4 d5 3.Nc3 Nf6 4.e5 Nfd7 5.f4 c5 6.Nf3 Nc6 7.Be3 cxd4 8.Nxd4 Bc5
9.Qd2 a6 10.O-O-O O-O 11.Nce2 Nxd4 12.Nxd4 Qc7 13.h4 b5 14.h5 b4 15.Rh3 a5
16.Rg3 Ba6 17.Bxa6 Rxa6 18.Qe2 Rb6 19.Qg4 g6 20.hxg6 hxg6 21.Rh1 Rc8 22.Rgh3 Nxe5
23.Rh8+ Kg7 24.R1h7+ Kf6 25.Qg5+  1-0

[Event "Andorra la Vella op"]
[Site "Andorra la Vella"]
[Date "1999.06.29"]
[Round "4"]
[White "De la Riva Aguado, Oscar"]
[Black "Gretarsson, Helgi Ass"]
[Result "0-1"]
[WhiteElo "2495"]
[BlackElo "2459"]

1.e4 e6 2.d4 d5 3.Nc3 Nf6 4.e5 Nfd7 5.f4 c5 6.Nf3 Nc6 7.Be3 cxd4 8.Nxd4 Bc5
9.Qd2 O-O 10.O-O-O a6 11.Nce2 Qb6 12.Nc3 Qc7 13.Nce2 Qb6 14.Kb1 f6 15.exf6 Nxf6
16.Nc3 Bxd4 17.Bxd4 Nxd4 18.Qxd4 Qxd4 19.Rxd4 Bd7 20.Bd3 Ng4 21.Re1 Nxh2
22.Rh1 Ng4 23.Bxh7+ Kf7 24.Bd3 Rh8 25.Re1 Rad8 26.b3 Rh2 27.f5 exf5 28.Rxd5 Nf6
29.Rd6 Re8 30.Bc4+ Kf8 31.Red1 Bc6 32.Nd5 Ne4 33.Rg6 Bxd5  0-1

[Event "White Nights"]
[Site "St Petersburg"]
[Date "1999.06.29"]
[Round "4"]
[White "Lukin, Andrei M"]
[Black "Kruppa, Yuri"]
[Result "1/2-1/2"]
[WhiteElo "2440"]
[BlackElo "2561"]

1.e4 e6 2.d4 d5 3.Nc3 Nf6 4.e5 Nfd7 5.Nce2 c5 6.c3 Qb6 7.Nf3 Nc6 8.g3 cxd4
9.cxd4 f6 10.exf6 Nxf6 11.Bg2 Bb4+ 12.Bd2 Bxd2+ 13.Qxd2 Ne4 14.Qc2 Qa5+ 15.Nc3 O-O
16.Rd1 e5 17.O-O Nxc3 18.Qxc3 Qxc3  1/2-1/2

[Event "SVK-ch"]
[Site "Nove Zamky"]
[Date "1999.07.06"]
[Round "4"]
[White "Torotto, Anton"]
[Black "Sarana, Oksana"]
[Result "1/2-1/2"]
[WhiteElo "2155"]
[BlackElo "2342"]

1.e4 e6 2.d4 d5 3.Nc3 Nf6 4.e5 Nfd7 5.Nce2 c5 6.c3 Nc6 7.f4 b5 8.Nf3 b4 9.f5 exf5
10.Nf4 Nb6 11.Bb5 Qc7 12.dxc5 Bxc5 13.Nxd5 Qd7 14.Nxb4 Bxb4 15.cxb4 Qxd1+
16.Kxd1 Bd7 17.a3 O-O 18.Re1 Rfe8 19.Ba6 Be6 20.Kc2 Rad8 21.Bg5 Nd4+ 22.Nxd4 Rxd4
23.Be3 Re4 24.Bc5 Bd5 25.Bd6 Rxe1 26.Rxe1 Bxg2 27.Bd3 f4 28.e6 f3 29.e7 f2
30.Rd1 Nd5 31.Bc5 Rxe7 32.Bxf2 Ne3+ 33.Bxe3 Rxe3 34.Rd2 Bh3 35.Re2 Rxe2+
36.Bxe2 f5 37.Kd3 Kf7 38.b5 Ke6 39.Bf3 Ke5 40.a4 g5 41.a5 Bf1+ 42.Be2 Bg2
43.Ke3 g4 44.Kf2 Be4 45.b6 axb6 46.axb6 Bb7 47.Kg3 h5 48.Kh4 f4 49.Kxh5 f3
50.Bf1 Kf4 51.Kh4 f2  1/2-1/2

[Event "Paris-ch"]
[Site "Paris"]
[Date "1999.07.18"]
[Round "2"]
[White "Timoshenko, Georgy"]
[Black "Boulard, Eric"]
[Result "1-0"]
[WhiteElo "2576"]
[BlackElo "2220"]

1.e4 e6 2.d4 d5 3.Nc3 Nf6 4.e5 Nfd7 5.f4 c5 6.Nf3 Nc6 7.Be3 cxd4 8.Nxd4 Nxd4
9.Bxd4 a6 10.Qd2 Qc7 11.O-O-O b5 12.Kb1 Nc5 13.Bd3 Bd7 14.f5 O-O-O 15.Rhf1 Be8
16.Qe3 Be7 17.fxe6 fxe6 18.Qh3 Qc6 19.Ne2 Kb7 20.Nf4 Bd7 21.Nh5 g6 22.Rf7 Nxd3
23.Qxd3 gxh5 24.Rxe7 Rdf8 25.Rf1 Rxf1+ 26.Qxf1 Qc8 27.b3 Kc6 28.Qe1 Kb7 29.Kb2 Rg8
30.Qd2 h6 31.g3 Rg4 32.Qxh6 Rxd4 33.Qxe6 Rd2 34.Rxd7+  1-0

[Event "SCO-ch"]
[Site "Edinburgh"]
[Date "1999.07.19"]
[Round "4"]
[White "Bryson, Douglas M"]
[Black "Orr, Mark J L"]
[Result "0-1"]
[WhiteElo "2365"]
[BlackElo "2350"]

1.e4 e6 2.d4 d5 3.Nc3 Nf6 4.e5 Nfd7 5.f4 c5 6.Nf3 Nc6 7.Be3 cxd4 8.Nxd4 Bc5
9.Qd2 O-O 10.O-O-O a6 11.h4 Nxd4 12.Bxd4 b5 13.Rh3 b4 14.Ne2 a5 15.Rg3 Qxh4
16.Qe3 Ba6 17.f5 Rfc8 18.f6 Bf8 19.Nf4 Bxf1 20.Rxf1 Rc4 21.Qf2 Kh8 22.c3 bxc3
23.bxc3 Rb8 24.Kc2 Rbc8 25.Kb1 g5 26.Nd3 h6 27.Qf3 Rxd4 28.cxd4 Qxd4 29.Rg4 Qc3
30.Qe2 Rb8+  0-1

[Event "Komercni Banka op"]
[Site "Pardubice"]
[Date "1999.07.19"]
[Round "4"]
[White "David, Alberto"]
[Black "Biolek, Richard"]
[Result "1/2-1/2"]
[WhiteElo "2544"]
[BlackElo "2439"]

1.e4 e6 2.d4 d5 3.Nc3 Nf6 4.e5 Nfd7 5.f4 c5 6.Nf3 Nc6 7.Be3 a6 8.Qd2 b5 9.dxc5 Bxc5
10.Bxc5 Nxc5 11.Qf2 Qb6 12.Bd3 Bd7 13.O-O Na4 14.Nxa4 Qxf2+ 15.Kxf2 bxa4
16.b3 Ke7 17.Rab1 Nb4 18.bxa4 Rab8 19.a3 Nxd3+ 20.cxd3 Rhc8 21.Ke3 Bxa4 22.Nd4 Bd7
23.Kd2 f6 24.Rb4 a5 25.Rxb8 Rxb8 26.Rc1 fxe5 27.fxe5 Rb2+ 28.Rc2 Rb1 29.Rc1 Rb2+
30.Rc2 Rb1  1/2-1/2

[Event "Paris-ch"]
[Site "Paris"]
[Date "1999.07.21"]
[Round "5"]
[White "Brih, Said"]
[Black "Akl, Nabil"]
[Result "0-1"]
[WhiteElo "2040"]
[BlackElo "2178"]

1.e4 e6 2.d4 d5 3.Nc3 Nf6 4.e5 Nfd7 5.f4 c5 6.Nf3 Nc6 7.Be3 Qb6 8.Na4 Qa5+
9.c3 b6 10.a3 c4 11.b4 cxb3 12.Qxb3 Ba6 13.Nb2 Rc8 14.Bd2 Bxf1 15.Rxf1 Qa6
16.g4 Be7 17.f5 O-O 18.f6 gxf6 19.Bh6 fxe5 20.Bxf8 Bxf8 21.Ng5 Be7 22.Nxf7 Bh4+
23.Kd2 Rf8 24.Qc2 e4 25.Nh6+ Kg7 26.Nf5+ exf5 27.gxf5 Bg5+ 28.Ke1 Bh4+ 29.Kd2 Bg5+
30.Ke1 Kh8 31.Qb3 Bh4+ 32.Kd2 e3+ 33.Kxe3 Re8+ 34.Kd2 Qe2+ 35.Kc1 Qxf1+ 36.Nd1 Bg5+
37.Kb1 Re1 38.Ka2 Qe2+ 39.Nb2 Rxa1+ 40.Kxa1 Qf1+ 41.Ka2 Qxf5 42.Qb5 Qe6 43.Qf1 Be7
44.Qf2 Nf6 45.h4 Ne4 46.Qf3 Na5 47.h5 Qc8 48.c4 Nxc4 49.h6 Ncd2 50.Qf7 Nc3+  0-1

[Event "SCO-ch"]
[Site "Edinburgh"]
[Date "1999.07.22"]
[Round "7"]
[White "Arakhamia, Ketevan"]
[Black "Stevenson, James"]
[Result "1-0"]
[WhiteElo "2430"]
[BlackElo "2130"]

1.e4 e6 2.d4 d5 3.Nc3 Nf6 4.e5 Nfd7 5.f4 c5 6.Nf3 Nc6 7.Be3 Qb6 8.Na4 Qa5+
9.c3 c4 10.b4 Qc7 11.g4 b5 12.Nc5 a5 13.a3 Nxc5 14.dxc5 g6 15.a4 Ba6 16.axb5 Bxb5
17.Nd4 Nxd4 18.Bxd4 Bg7 19.Bg2 O-O 20.O-O Bc6 21.Qd2 Ra7 22.f5 Rfa8 23.f6 Bf8
24.h4 axb4 25.cxb4 Rxa1 26.Rxa1 Rxa1+ 27.Bxa1 Qa7 28.Bd4 Qa3 29.Kf2 Qb3 30.Bf3 Qa3
31.Qc3 Qa2+ 32.Qb2 Qa4 33.Ke1 Qa6 34.Qa1 Qb7 35.Qa3 Qb8 36.Kd2 Qb7 37.Qa5 Bb5
38.Kc3 Qc6 39.Bd1 Bh6 40.Qd8+ Bf8 41.Qb6 Qa8 42.Qa5 Qc6 43.Kb2 Qd7 44.Ka3 c3
45.Kb3 g5 46.h5 c2 47.Kxc2 Bf1 48.Kb2 Bb5 49.Ka3 Qb7 50.Ba4 Be2 51.c6 Qc8
52.Kb2 Bxg4 53.b5 Be2 54.b6 Ba6 55.Bb5 Bxb5 56.b7  1-0

[Event "Dutch Open"]
[Site "Dieren"]
[Date "1999.07.24"]
[Round "5"]
[White "Wiersma, Eelke"]
[Black "Barsov, Alexei"]
[Result "1/2-1/2"]
[WhiteElo "2362"]
[BlackElo "2539"]

1.e4 e6 2.d4 d5 3.Nc3 Nf6 4.e5 Nfd7 5.f4 c5 6.Nf3 a6 7.Be3 Qb6 8.Na4 Qa5+
9.c3 cxd4 10.b4 Qc7 11.Qxd4 Nc6 12.Qd2 b5 13.Nb2 f6 14.a4 bxa4 15.exf6 Nxf6
16.Bd3 a5 17.Rxa4 Ne4 18.Bxe4 dxe4 19.Ng5 Qb7 20.O-O axb4  1/2-1/2

[Event "Dutch Open"]
[Site "Dieren"]
[Date "1999.07.24"]
[Round "5"]
[White "Van der Weide, Karel"]
[Black "Hort, Vlastimil"]
[Result "1-0"]
[WhiteElo "2434"]
[BlackElo "2535"]

1.e4 e6 2.d4 d5 3.Nc3 Nf6 4.e5 Nfd7 5.f4 c5 6.Nf3 Nc6 7.Be3 a6 8.Qd2 b5 9.dxc5 Bxc5
10.Bxc5 Nxc5 11.Qf2 Qe7 12.Bd3 Bb7 13.O-O h6 14.Nd4 g6 15.Nxc6 Bxc6 16.Qd4 O-O
17.Rae1 Rfd8 18.Re3 b4 19.Ne2 Ne4 20.g4 Qh4 21.h3 Qe7 22.Kh2 Re8 23.Rg1 Kh7
24.Rg2 Rab8 25.Ng1 b3 26.axb3 Rb4 27.c4 Rd8 28.Bxe4 dxe4 29.Qc3 Rdb8 30.Qc2 Qc5
31.Rgg3 a5 32.Qd2 a4 33.Qd6 Qb6 34.f5 Rxb3 35.Rxb3 axb3 36.c5 Qb7 37.Ne2 Bd5
38.Nf4 g5 39.Nxd5 Qxd5 40.fxe6 fxe6 41.c6 Kg6 42.Rc3 Rd8 43.Qxd5 exd5 44.c7 Rc8
45.Rc6+ Kf7 46.Kg2 Ke7 47.e6 d4 48.Kf2 Kf6 49.Ke2 Ke7 50.Kd1 Kf6 51.Rc4 Kxe6
52.Rxd4 Rxc7 53.Rxe4+ Kd6 54.Rb4 h5 55.Rb6+ Kc5 56.Rg6 hxg4 57.Rxg5+ Kb6
58.Rxg4 Rc2 59.Rb4+ Kc5 60.Rxb3 Rh2 61.Kc1 Rh1+ 62.Kc2 Rh2+ 63.Kb1 Kc4 64.Rg3 Kb4
65.Ka2 Rh1 66.Rg4+ Kc5 67.Rh4 Rg1 68.Ka3 Rf1 69.Rh5+ Kb6 70.Ka4 Ra1+ 71.Kb4 Rf1
72.Rh6+ Kb7 73.Ka4 Rf4+ 74.b4 Rf5 75.h4 Kc7 76.Rg6 Rh5 77.Rg4 Kc6 78.Kb3 Rf5
79.Rg6+ Kc7 80.Rg5 Rf4 81.h5 Rh4 82.Ka4 Kb6 83.Rg6+ Kb7 84.h6 Rh5 85.b5 Rh1
86.Kb4 Kc7 87.Kc4 Rh5 88.b6+ Kb7 89.Kd4  1-0

[Event "Dutch Open"]
[Site "Dieren"]
[Date "1999.07.25"]
[Round "6"]
[White "Etmans, Maarten D"]
[Black "Tare, M."]
[Result "1-0"]
[WhiteElo "2152"]
[BlackElo "2139"]

1.e4 e6 2.d4 d5 3.Nc3 Nf6 4.e5 Nfd7 5.Nf3 a6 6.Bf4 c5 7.dxc5 Bxc5 8.Bd3 Nc6
9.O-O O-O 10.Bxh7+ Kh8 11.Bd3 g6 12.Qd2 Nb4 13.Bg5 f6 14.exf6 Nxf6 15.Ne5 Kg8
16.Bxg6 Qc7 17.Rae1 Nc6 18.Nxc6 bxc6 19.Qf4 Qg7 20.Bh6 Qxg6 21.Bxf8 Bxf8
22.Na4 Ne4 23.Nb6 Bd6 24.Qh4 Ng5 25.Qg4 Rb8 26.Nxc8 Rb4 27.f4  1-0

[Event "Aceimar op 6th"]
[Site "Mondariz Balneario"]
[Date "1999.07.28"]
[Round "2"]
[White "Rivera, Daniel"]
[Black "Delgado Palomeque, Marco A"]
[Result "1-0"]
[WhiteElo "2364"]
[BlackElo "2106"]

1.e4 e6 2.d4 d5 3.Nc3 Nf6 4.e5 Nfd7 5.f4 c5 6.Nf3 Nc6 7.Be3 Qb6 8.a3 cxd4
9.Nxd4 Bc5 10.Na4 Qa5+ 11.b4 Qxa4 12.Bb5 Bxd4 13.Bxa4 Bxe3 14.Qf3 Bb6 15.c4 Nd4
16.Qg4 dxc4 17.Qxg7 Rf8 18.Qxh7 a5 19.Kd2 Ba7 20.Qe4 Rb8 21.bxa5 b5 22.axb6 Bxb6
23.Rab1 Ke7 24.Bxd7 Bxd7 25.Rxb6 Nb3+ 26.Rxb3 cxb3 27.Kc1 Rfc8+ 28.Kb1 Bc6
29.Qd4 b2 30.f5 exf5 31.Qh4+ Ke8 32.Qh8+ Kd7 33.e6+ fxe6 34.Qg7+ Kd6 35.Rd1+ Bd5
36.Qg3+ Kd7 37.Qg7+ Kd8 38.Qg8+ Kd7 39.Qg7+ Kd6 40.Qg3+ e5 41.Qg6+ Ke7 42.Qg7+ Ke6
43.Qh6+ Ke7 44.Qg5+ Ke6 45.Qg6+ Ke7 46.Qxf5 Rc1+ 47.Rxc1 Ba2+ 48.Kxa2 bxc1=Q
49.Qxe5+ Kd7 50.Qxb8 Qc4+ 51.Qb3 Qe2+ 52.Qb2 Qc4+ 53.Kb1 Qf1+ 54.Qc1 Qb5+
55.Kc2 Qc4+ 56.Kb2 Qb5+ 57.Ka1 Qe5+ 58.Qb2 Qe1+ 59.Ka2 Qe6+ 60.Kb1 Qf5+ 61.Qc2 Qb5+
62.Kc1 Ke7 63.Qe4+ Kf8 64.Qb4+  1-0

[Event "MK Cafe Cup-B"]
[Site "Koszalin"]
[Date "1999.08.08"]
[Round "6"]
[White "Zawadzki, Stanislaw"]
[Black "Kiseleva, Natalia"]
[Result "0-1"]
[WhiteElo "2192"]
[BlackElo "2343"]

1.e4 e6 2.d4 d5 3.Nc3 Nf6 4.e5 Nfd7 5.f4 c5 6.Nf3 Nc6 7.Be3 a6 8.Be2 b5 9.Qd2 Bb7
10.O-O Rc8 11.a3 g6 12.Kh1 h5 13.dxc5 Nxc5 14.Rfd1 Be7 15.Nd4 Qc7 16.Rac1 Nd7
17.Nxc6 Qxc6 18.Bd4 Nb6 19.Qd3 Nc4 20.Rb1 Bc5 21.Bf3 Bxd4 22.Qxd4 Qc5 23.Qxc5 Rxc5
24.Rd3 g5 25.g3 g4 26.Bg2 h4 27.gxh4 Rxh4 28.Kg1 Ke7 29.Ne2 Rc8 30.Nd4 Rch8
31.b3 Nxa3 32.Ra1 b4 33.c3 a5 34.cxb4 axb4 35.Rc1 Kd7 36.Rg3 Rxh2 37.Rxg4 R2h4
38.Rxh4 Rxh4 39.Ne2 Ba6  0-1

[Event "MK Cafe Cup-B"]
[Site "Koszalin"]
[Date "1999.08.08"]
[Round "6"]
[White "Szelag, Marcin"]
[Black "Gradalski, Przemyslaw"]
[Result "1-0"]
[WhiteElo "2389"]
[BlackElo "2309"]

1.e4 e6 2.d4 d5 3.Nc3 Nf6 4.e5 Nfd7 5.f4 c5 6.Nf3 Nc6 7.Be3 a6 8.Qd2 b5 9.dxc5 Bxc5
10.Bxc5 Nxc5 11.Qf2 Qb6 12.Bd3 b4 13.Ne2 a5 14.O-O Ba6 15.Kh1 Ne7 16.b3 Rc8
17.Rad1 a4 18.Nfd4 Bxd3 19.cxd3 axb3 20.axb3 O-O 21.g4 Nd7 22.Qh4 Nc6 23.Nf3 f6
24.d4 Ne7 25.Rd2 Rc7 26.Qh5 Re8 27.f5 Rc3 28.Nxc3 bxc3 29.Rc2 g6 30.fxg6 hxg6
31.Qh4 Qxb3 32.exf6 Qxc2 33.Ng5 Nxf6 34.Rxf6 Qc1+ 35.Kg2 Qd2+ 36.Rf2 Qxf2+
37.Kxf2  1-0

[Event "Budapest FS08 GM"]
[Site "Budapest"]
[Date "1999.08.09"]
[Round "3"]
[White "Bokros, Albert"]
[Black "Arnold, Lothar"]
[Result "1-0"]
[WhiteElo "2405"]
[BlackElo "2362"]

1.e4 e6 2.d4 d5 3.Nc3 Nf6 4.e5 Nfd7 5.f4 c5 6.Nf3 Nc6 7.Be3 a6 8.Qd2 b5 9.dxc5 Bxc5
10.Bxc5 Nxc5 11.Qf2 Qb6 12.Bd3 Rb8 13.O-O Na4 14.Nxa4 bxa4 15.b3 Bd7 16.bxa4 O-O
17.Qxb6 Rxb6 18.Rab1 Rfb8 19.c3 Na5 20.Rxb6 Rxb6 21.Rb1 Rxb1+ 22.Bxb1 Bxa4
23.Bd3 Nb7 24.Bxa6 Nc5 25.Bf1 Ne4 26.c4 Nc3 27.cxd5 exd5 28.a3 Nb1 29.Bd3 Nxa3
30.Kf2 Bb5 31.Ke3 Bxd3 32.Kxd3 Nb5 33.f5 f6 34.Nd4 Nc7 35.e6 g6 36.g4 h5
37.gxh5 gxf5 38.Ke3 Kh7 39.Kf4 Kh6 40.Kxf5 Kxh5 41.Kxf6 Kg4 42.e7 Kh3 43.Nb5  1-0

[Event "Budapest FS08 GM"]
[Site "Budapest"]
[Date "1999.08.11"]
[Round "5"]
[White "Bokros, Albert"]
[Black "Hoang Th Trang"]
[Result "1-0"]
[WhiteElo "2405"]
[BlackElo "2453"]

1.e4 e6 2.d4 d5 3.Nc3 Nf6 4.e5 Nfd7 5.f4 c5 6.Nf3 Nc6 7.Be3 a6 8.Qd2 b5 9.dxc5 Bxc5
10.Bxc5 Nxc5 11.Qf2 Qb6 12.Bd3 b4 13.Ne2 a5 14.O-O Ba6 15.Rad1 O-O 16.Kh1 Bxd3
17.cxd3 Na4 18.Ned4 Nxd4 19.Nxd4 Rac8 20.Rd2 f5 21.exf6 Rxf6 22.Re2 Nc5 23.Qe3 Nd7
24.Rfe1 Nf8 25.g3 Rc7 26.Rc2 Rff7 27.Rec1 h6 28.Rc6 Qa7 29.Qe5 Rxc6 30.Rxc6 Kh7
31.Kg2 Re7 32.Nxe6 Nxe6 33.Rxe6 Rxe6 34.Qxe6 Qd4 35.Qe2 a4 36.h4 Kh8 37.h5 Kh7
38.Kf3 Qg1 39.Qc2 Qf1+ 40.Kg4 Qe1 41.d4+ Kh8 42.Qc8+ Kh7 43.Qf5+ Kh8 44.Qd3 Qf2
45.f5 Qxb2 46.f6 gxf6 47.Qe3 b3 48.Qxh6+ Kg8 49.Qg6+ Kh8 50.Qxf6+ Kg8 51.Qe6+ Kf8
52.Qf5+ Ke7 53.Qe5+ Kd7 54.Qxd5+ Ke7 55.Qe5+ Kd7 56.axb3 a3 57.h6 a2 58.h7 a1=Q
59.h8=Q Qd1+ 60.Kg5 Qbd2+ 61.Qf4 Qa5+ 62.Qhe5 Qd8+ 63.Kg6  1-0

[Event "Baunatal op 5th"]
[Site "Baunatal"]
[Date "1999.08.14"]
[Round "5"]
[White "Stojadinovic, Tomislav"]
[Black "Bischoff, Oliver"]
[Result "0-1"]
[WhiteElo "1778"]
[BlackElo "1262"]

1.e4 e6 2.d4 d5 3.Nc3 Nf6 4.e5 Nfd7 5.f4 c5 6.Nf3 Nc6 7.Be3 a6 8.a3 f6 9.dxc5 Bxc5
10.Bxc5 Nxc5 11.Bd3 Nxd3+ 12.Qxd3 fxe5 13.fxe5 O-O 14.O-O b5 15.Kh1 Ra7 16.Rad1 Raf7
17.Rfe1 Rf4 18.Ne2 Rg4 19.h3 Rg6 20.Ned4 Ne7 21.Kh2 Nf5 22.Nxf5 Rxf5 23.Rd2 Rh6
24.Re4 Qf8 25.Rg4 Rf4 26.Rg3 Qc5 27.c3 Bd7 28.Nd4 Rhh4 29.Rg5 Qf8 30.Qg3 Qf7
31.Nf3 Rh6 32.Rxg7+ Qxg7 33.Qxf4 Rh5 34.g4 Rh6 35.Rf2 Rg6 36.Nh4 Rh6 37.Ng2 Be8
38.Ne1 Bg6 39.Nf3 Be4 40.Nd4 Rg6 41.Nc2 h5 42.Ne3 hxg4 43.Nxg4 Bf5 44.Rg2 Bxg4
45.Rxg4 Rxg4 46.Qxg4 Qxg4 47.hxg4 Kg7 48.Kg3 Kh6 49.Kf4 a5 50.b3 Kg6 51.Ke3 Kh6
52.Kd3 Kg5 53.a4 bxa4 54.b4 axb4 55.cxb4 a3 56.Kc2 d4  0-1

[Event "FRA-ch qual"]
[Site "Bescanon"]
[Date "1999.08.19"]
[Round "2"]
[White "Fontaine, Robert"]
[Black "Villard, Patrick"]
[Result "1-0"]
[WhiteElo "2408"]
[BlackElo "2095"]

1.e4 e6 2.d4 d5 3.Nc3 Nf6 4.e5 Nfd7 5.f4 c5 6.Nf3 Nc6 7.Be3 a6 8.Qd2 b5 9.dxc5 Bxc5
10.Bxc5 Nxc5 11.Qf2 Qb6 12.Bd3 b4 13.Ne2 a5 14.O-O Ba6 15.f5 Nd7 16.Qxb6 Nxb6
17.fxe6 fxe6 18.Ng5 Nd8 19.Nd4 Ke7 20.a3 Bxd3 21.cxd3 h6 22.Ngf3 bxa3 23.Rxa3 a4
24.Nh4 Kd7 25.Ng6 Re8 26.b3 axb3 27.Rxb3 Nc8 28.Nf8+ Ke7 29.Rb7+  1-0

[Event "FRA-ch qual"]
[Site "Bescanon"]
[Date "1999.08.21"]
[Round "4"]
[White "Guidarelli, Laurent"]
[Black "Lucchetti, P."]
[Result "1-0"]
[WhiteElo "2310"]
[BlackElo "2221"]

1.e4 e6 2.d4 d5 3.Nc3 Nf6 4.e5 Nfd7 5.f4 c5 6.Nf3 a6 7.Be3 Nc6 8.Qd2 b5 9.a3 Qb6
10.dxc5 Bxc5 11.Bxc5 Qxc5 12.Bd3 Nb6 13.b4 Qe7 14.Qf2 Qc7 15.O-O Na7 16.Ne2 Nc4
17.Ned4 g6 18.a4 Bd7 19.axb5 Nxb5 20.Nxb5 Bxb5 21.Nd4 Rb8 22.Nxb5 Rxb5 23.Rxa6 O-O
24.c3 Rb7 25.Rfa1 Nb6 26.Qc5 Rc8 27.R1a5 Nd7 28.Qxc7 Rcxc7 29.Rb5 Rxb5 30.Bxb5 Nf8
31.Bc6 g5 32.h4 gxf4 33.h5 Kg7 34.b5 Nd7 35.Ba8 Nb8 36.Rb6 Nd7 37.Rd6 Ra7
38.h6+ Kxh6 39.Bxd5 Ra1+ 40.Kf2 Nb8 41.Be4 Ra7 42.c4 Nd7 43.Rxd7 Rxd7 44.c5 Rd4
45.Kf3 Rb4 46.b6 Kg5 47.b7 Rb3+ 48.Ke2  1-0

[Event "FRA-ch G1"]
[Site "Bescanon"]
[Date "1999.08.21"]
[Round "6"]
[White "Apicella, Manuel"]
[Black "Bricard, Emmanuel"]
[Result "1-0"]
[WhiteElo "2501"]
[BlackElo "2506"]

1.e4 e6 2.d4 d5 3.Nc3 Nf6 4.e5 Nfd7 5.f4 c5 6.Nf3 Nc6 7.Be3 cxd4 8.Nxd4 Bc5
9.Qd2 O-O 10.O-O-O a6 11.h4 Bxd4 12.Bxd4 b5 13.h5 b4 14.Ne2 a5 15.Kb1 a4
16.Nc1 Ba6 17.g4 Qc7 18.Rh2 Rfc8 19.Bxa6 Rxa6 20.h6 g6 21.Re1 b3 22.cxb3 axb3
23.Nxb3 Rca8 24.Nc1 Nxd4 25.Qxd4 Ra4 26.Qd2 Nc5 27.Rhe2 Ne4 28.Qd3 Qa5 29.Rxe4 dxe4
30.Rxe4 Rxa2 31.Nxa2 Qxa2+ 32.Kc2 Rc8+ 33.Kd1 Qa1+ 34.Ke2 Qxb2+ 35.Kf1 g5
36.Re2 Qc1+ 37.Kg2 gxf4 38.Rd2 f3+ 39.Kf2 Qc7 40.Kxf3 Rf8 41.Qd4 Qb7+ 42.Kg3 Qe7
43.Rf2 Qg5 44.Qf4 Qxf4+ 45.Rxf4 Ra8 46.Rb4 f6 47.exf6 Kf7 48.g5 Kg6 49.Rb5 Ra7
50.Rc5 Rb7 51.Ra5 Rb3+ 52.Kf4 Rb4+ 53.Ke3 Rb8 54.Kd4 Rb7 55.Kc5 Rd7 56.Kc6 Rd8
57.Rb5 Rd1 58.Rb8 Rd5 59.Rg8+ Kf7 60.Rg7+ Kf8 61.Rxh7 Rxg5 62.Rg7  1-0

[Event "ESP-ch"]
[Site "Palencia"]
[Date "1999.08.21"]
[Round "3"]
[White "De la Riva Aguado, Oscar"]
[Black "Olaizola Ortega, Luis"]
[Result "0-1"]
[WhiteElo "2458"]
[BlackElo "2276"]

1.e4 e6 2.d4 d5 3.Nc3 Nf6 4.e5 Nfd7 5.f4 c5 6.Nf3 Nc6 7.Be3 cxd4 8.Nxd4 Bc5
9.Qd2 Nxd4 10.Bxd4 Bxd4 11.Qxd4 Qb6 12.O-O-O Qxd4 13.Rxd4 Ke7 14.h4 h5 15.Be2 g6
16.Rhd1 Nb6 17.Rb4 Bd7 18.a4 Bc6 19.a5 Nd7 20.b3 Rac8 21.Kb2 Rc7 22.Rd2 Nb8
23.Nd1 Bd7 24.Ne3 Rhc8 25.c4 d4 26.Nd5+ exd5 27.cxd5 Ke8 28.d6 Rc5 29.Rxb7 Rxa5
30.b4 Ra4 31.Bd1 Ra6 32.Rxd4 Rb6 33.Bf3 Nc6 34.Rxb6 Nxd4 35.Rb7 Nxf3 36.gxf3 a6
37.Ra7 Bb5 38.Re7+ Kf8 39.Ra7 Rc4 40.Ra8+ Kg7 41.Ra7 Rxb4+ 42.Ka3 Rd4 43.Kb2 Rxf4
44.e6 Rxf3 45.Rb7 Ba4 46.Kc1 Rf6  0-1

[Event "FRA-ch (Women)"]
[Site "Bescanon"]
[Date "1999.08.22"]
[Round "5"]
[White "Nepeina Leconte, Maria"]
[Black "Gervais, Claire"]
[Result "1/2-1/2"]
[WhiteElo "2290"]
[BlackElo "2179"]

1.e4 e6 2.d4 d5 3.Nc3 Nf6 4.e5 Nfd7 5.Nce2 c5 6.c3 Nc6 7.Nf3 cxd4 8.cxd4 f6
9.Nf4 Qe7 10.exf6 Nxf6 11.Nd3 Qc7 12.Bf4 Qa5+ 13.Bd2 Qb6 14.Be2 Bd6 15.O-O O-O
16.Bc3 Ne4 17.Nde5 Nxc3 18.bxc3 Qc7 19.c4 Nxe5 20.dxe5 Bxe5 21.Nxe5 Qxe5
22.cxd5 Qxd5 23.Bf3 Qxd1 24.Rfxd1 Rb8 25.Rac1 Kf7 26.Rc7+ Kf6 27.Rd4 e5 28.Rd6+ Be6
29.Bd5 Rfe8 30.Bxe6 Rxe6 31.Rdd7  1/2-1/2

[Event "Pyramiden Franken Cup"]
[Site "Fuerth"]
[Date "1999.08.23"]
[Round "3"]
[White "Sprenger, Jan"]
[Black "Schaefer, Markus"]
[Result "1/2-1/2"]
[WhiteElo "2191"]
[BlackElo "2402"]

1.e4 e6 2.d4 d5 3.Nc3 Nf6 4.e5 Nfd7 5.f4 c5 6.Nf3 Nc6 7.Be3 Qb6 8.Na4 Qa5+
9.c3 b6 10.Bd2 c4 11.b4 Qa6 12.Nb2 Be7 13.a4 Qb7 14.g4 Qc7 15.Qc2 f6 16.Bh3 Nf8
17.O-O Bd7 18.Rae1 h5 19.g5 f5 20.Nh4  1/2-1/2

[Event "Polanica Zdroj op"]
[Site "Polanica Zdroj"]
[Date "1999.08.25"]
[Round "9"]
[White "Stets, Dmitry"]
[Black "Vysochin, Spartak"]
[Result "0-1"]
[WhiteElo "2409"]
[BlackElo "2487"]

1.e4 e6 2.d4 d5 3.Nc3 Nf6 4.e5 Nfd7 5.f4 c5 6.Nf3 Nc6 7.Be3 a6 8.Qd2 b5 9.dxc5 Bxc5
10.Bxc5 Nxc5 11.Qf2 Qb6 12.Bd3 b4 13.Ne2 a5 14.O-O Ba6 15.Rac1 h6 16.f5 exf5
17.Nf4 Ne7 18.c4 Qa7 19.Be2 dxc4 20.Bxc4 Bxc4 21.Rxc4 Ne4 22.Qxa7 Rxa7 23.Rfc1 O-O
24.Nd4 g6 25.Nb5 Rd7 26.h4 Rfd8 27.Rc7 Rxc7 28.Rxc7 Nd5 29.Nxd5 Rxd5 30.Nd6 Nxd6
31.Rd7 Rxe5  0-1

[Event "SoLett op"]
[Site "Skelleftea"]
[Date "1999.09.02"]
[Round "5"]
[White "Ernst, Thomas"]
[Black "Grigutavicius, Dainius"]
[Result "1-0"]
[WhiteElo "2409"]
[BlackElo "2176"]

1.e4 e6 2.d4 d5 3.Nc3 Nf6 4.e5 Nfd7 5.f4 c5 6.Nf3 Nc6 7.Be3 cxd4 8.Nxd4 Qb6
9.Qd2 Qxb2 10.Rb1 Qa3 11.Bb5 Nxd4 12.Bxd4 Bb4 13.O-O O-O 14.Rb3 Qa5 15.Qf2 Nb8
16.f5 exf5 17.Nxd5 Qxb5 18.Nf6+ Kh8 19.Rh3 h6 20.Qf4 Bd2 21.Qxd2 f4 22.Rxh6+ gxh6
23.Qxf4 Kg7 24.Be3 Rh8 25.Nh5+ Kg6  1-0

[Event "SoLett op"]
[Site "Skelleftea"]
[Date "1999.09.02"]
[Round "5"]
[White "Porrasmaa, Timo"]
[Black "Sakalauskas, Vaidas"]
[Result "0-1"]
[WhiteElo "2152"]
[BlackElo "2450"]

1.d4 Nf6 2.Nc3 d5 3.e4 e6 4.e5 Nfd7 5.f4 c5 6.Nf3 Nc6 7.Be3 cxd4 8.Nxd4 Qb6
9.Qd2 Qxb2 10.Rb1 Qa3 11.Bb5 Nxd4 12.Bxd4 Bb4 13.O-O a6 14.Bd3 Bc5 15.Ne2 Bxd4+
16.Nxd4 Nc5 17.Kh1 O-O 18.Nf3 Nxd3 19.cxd3 Rb8 20.Ng5 h6 21.Nh3 Bd7 22.Nf2 Rfc8
23.Ng4 h5 24.f5 hxg4 25.f6 gxf6 26.Rxf6 Kf8 27.Qg5 Qxd3 28.Rbf1 Be8 29.Qf4 Qh7
30.Rxe6 Rc4 31.Qg5 Rbc8 32.Rh6 Qg7 33.Rg6 Rc1 34.Rxc1 Rxc1+  0-1

[Event "Artek olJ"]
[Site "Artek"]
[Date "1999.09.10"]
[Round "1"]
[White "Kuznetsova, Olga"]
[Black "Kuklin, V."]
[Result "0-1"]
[WhiteElo "2140"]
[BlackElo "2173"]

1.e4 e6 2.d4 d5 3.Nc3 Nf6 4.e5 Nfd7 5.f4 c5 6.Nce2 Nc6 7.c3 cxd4 8.cxd4 Qb6
9.Nf3 f5 10.g3 Be7 11.b3 O-O 12.Bg2 a5 13.O-O a4 14.Bb2 Ndb8 15.Kh1 Bd7 16.Bc3 Na5
17.Rb1 axb3 18.axb3 Bb5 19.Re1 Rc8 20.Qd2 Nbc6 21.Rec1 Ba6 22.Bxa5 Nxa5 23.Rxc8+ Rxc8
24.Qb2 Rc6 25.Nc3 Qc7 26.Rc1 h6 27.Na2 Rxc1+ 28.Nxc1 Bb4 29.Na2 Bf8 30.h3 Qb6
31.Nc1 Qb4 32.Qc2 Nc6 33.Na2 Qb6 34.Qd2 Qxb3  0-1

[Event "Artek olJ"]
[Site "Artek"]
[Date "1999.09.11"]
[Round "2"]
[White "Kharitonov, Sergei"]
[Black "Rajabov, A."]
[Result "1-0"]
[WhiteElo "2219"]
[BlackElo "2049"]

1.e4 e6 2.d4 d5 3.Nc3 Nf6 4.e5 Nfd7 5.f4 c5 6.Nf3 Nc6 7.Be3 Qb6 8.Na4 Qa5+
9.c3 cxd4 10.b4 Qc7 11.Nxd4 Nxd4 12.Bxd4 b6 13.Bb5 Bb7 14.O-O Bc6 15.Bd3 g6
16.Nb2 Be7 17.Qe2 O-O 18.Qe3 Rae8 19.f5 exf5 20.Bxf5 Bd8 21.Bxd7 Bxd7 22.Qh6 Be6
23.Rf6 Kh8 24.Raf1 Bxf6 25.exf6 Rg8 26.Nd3 Bf5 27.Rf4 g5 28.Rxf5 Rg6 29.Qh5 Qd7
30.Re5 Qa4 31.Rxe8+ Qxe8 32.Ne5 Kg8 33.Qf3 Rh6  1-0

[Event "CRO-chT (Women)"]
[Site "Pula"]
[Date "1999.09.11"]
[Round "3"]
[White "Velcheva, Maria"]
[Black "Macek, Vlasta"]
[Result "1/2-1/2"]
[WhiteElo "2305"]
[BlackElo "2199"]

1.e4 e6 2.d4 d5 3.Nc3 Nf6 4.e5 Nfd7 5.Nf3 h6 6.Bf4 c5 7.dxc5 Nc6 8.Bd3 Nxc5
9.h4 g6 10.Qd2 a6 11.a3 b5 12.Ne2 Qb6 13.O-O Bd7 14.b3 Rc8 15.Rfb1 Qc7 16.Rc1 g5
17.hxg5 hxg5 18.Nxg5 Nxe5 19.Bg3 Bd6 20.Qf4 Bc6 21.Qf6 Rg8 22.Bh7 Rf8 23.Qg7 Ne4
24.Bxe4 dxe4 25.Nh7 Ng6 26.Bxd6 Qxd6 27.Nxf8 Nxf8 28.Qd4 Qxd4 29.Nxd4 Bd5
30.Kf1 Ng6 31.g3 Ne5 32.Ke2 Ke7 33.Kd2 Ng4 34.Rf1 Nh2 35.Rfc1 Ng4 36.Ke2 f5
37.Rh1 Kf6 38.Rh5 Ke5 39.Rd1 Rc3 40.Rd2 e3 41.fxe3 Rxe3+ 42.Kf1 Rxg3 43.Rh4 Be4
44.Rh5 Rc3 45.Ke2 Rg3 46.Kf1 Rc3  1/2-1/2

[Event "ISL-ch"]
[Site "Reykjavik"]
[Date "1999.09.11"]
[Round "11"]
[White "Vidarsson, Jon G"]
[Black "Gretarsson, Helgi Ass"]
[Result "1/2-1/2"]
[WhiteElo "2352"]
[BlackElo "2521"]

1.e4 e6 2.d4 d5 3.Nc3 Nf6 4.e5 Nfd7 5.f4 c5 6.Nf3 Nc6 7.Be3 a6 8.Qd2 cxd4
9.Nxd4 Bc5 10.O-O-O O-O 11.h4 Bxd4 12.Bxd4 b5 13.Qe3 b4 14.Ne2 a5 15.Ng3 Nxd4
16.Qxd4 Qc7 17.Bd3 Ba6 18.Kb1 Rfc8 19.Rc1 Qa7 20.Qxa7 Rxa7 21.Ne2 f6 22.exf6 gxf6
23.Nd4 Nc5 24.Rh3 Nxd3 25.cxd3 Rxc1+ 26.Kxc1 e5  1/2-1/2